| 000 | 01075cam a22002771ia4500 | ||
|---|---|---|---|
| 003 | SA-RiAUC | ||
| 005 | 20241209073149.0 | ||
| 008 | 241207s2004 su g 00000 ara c | ||
| 020 | _a9960475425 | ||
| 040 |
_aSA-MaUQU _bara _cSA-RiAUC _erda |
||
| 082 | 0 | 4 |
_a081 _qSA-RiAUC |
| 090 |
_a081 _bس ن و |
||
| 100 | 1 |
_aسنوسي، عبد الله محمد، _d1355 هجري- _eمؤلف. |
|
| 245 | 1 | 0 |
_aيسألونك / _cعبد الله بن محمد سنوسي. |
| 250 | _aالطبعة الأولى. | ||
| 264 | 1 |
_aمكة المكرمة : _bعبد الله بن محمد سنوسي، _c[2004] |
|
| 264 | 3 |
_a[مكان الطبع غير محدد] : _bمطابع الندوة |
|
| 300 |
_a2 مجلد ؛ _c24 سم |
||
| 336 |
_aنص _btxt _2rdacontent _3كتاب |
||
| 337 |
_aبدون وسيط _bn _2rdamedia |
||
| 338 |
_aمجلد _bnc _2rdacarrier |
||
| 650 | 7 |
_aالقانون _vاختبارات، أسئلة، إلخ. _2aucsh |
|
| 650 | 7 |
_aالقانون _vاختبارات، أسئلة، إلخ. _2aucsh |
|
| 942 |
_2ddc _cBOOK _n0 |
||
| 949 |
_aSA-JeALM _d241207 _uosman123 _n1 |
||
| 999 |
_c3163 _d3163 |
||